[Event "Lichtenberger Sommer 2024"]
[Site "Berlin"]
[Date "2024.08.14"]
[Round "5.74"]
[White "Reißmann, Edmund"]
[Black "Kopbauer, René"]
[Result "1-0"]
[WhiteElo "1720"]
[BlackElo "1832"]
[PlyCount "35"]
[EventDate "2024.08.10"]
[WhiteTeam "SV Erzgebirge Stollberg"]
[BlackTeam "TSG Oberschöneweide e.V."]

1. d4 d5 2. c4 Nf6 3. Nc3 c6 4. Nf3 Bf5 5. Bg5 e6 6. e3 Be7 7. cxd5 cxd5 8. Be2
h6 9. Bh4 O-O 10. O-O Nbd7 11. Rc1 Rc8 12. a3 a6 13. Bd3 Ne4 14. Bxe7 Nxc3 15.
Bxd8 Nxd1 16. Rxc8 Nxb2 17. Bxf5 exf5 18. Rfc1 1-0

[Event "Lichtenberger Sommer 2024"]
[Site "Berlin"]
[Date "2024.08.14"]
[Round "5.75"]
[White "Zesewitz, Marco"]
[Black "Schmitz, Christopher"]
[Result "1-0"]
[WhiteElo "1689"]
[BlackElo "1817"]
[PlyCount "38"]
[EventDate "2024.08.10"]
[WhiteTeam "SV SF Friedrichshagen"]
[BlackTeam "TSG Oberschöneweide e.V."]

1. e4 c6 2. Nf3 d5 3. Nc3 dxe4 4. Nxe4 Nf6 5. Qe2 Nxe4 6. Qxe4 Nd7 7. Bc4 Nf6
8. Qh4 Bf5 9. O-O e6 10. d3 Qc7 11. Nd4 Bg6 12. Bf4 Qd7 13. Bg5 Be7 14. Rfe1
O-O 15. Nxe6 Rfe8 16. Nf4 Kh8 17. Nxg6+ fxg6 18. Bf7 Rf8 19. Bxg6 h6 1-0

[Event "Lichtenberger Sommer 2024"]
[Site "Berlin"]
[Date "2024.08.14"]
[Round "5.76"]
[White "Kaplan, Arne"]
[Black "Becker, Werner"]
[Result "0-1"]
[WhiteElo "1687"]
[BlackElo "1788"]
[PlyCount "122"]
[EventDate "2024.08.10"]
[WhiteTeam "Barnimer SF im SV Sta"]
[BlackTeam "SC Rochade e.V."]

1. e4 c6 2. d4 d5 3. exd5 cxd5 4. Bd3 Nc6 5. c3 Nf6 6. Bf4 Qb6 7. Qb3 e6 8. Nf3
Be7 9. O-O O-O 10. Qc2 a6 11. Nbd2 Qd8 12. Ne5 h6 13. Ndf3 Bd7 14. Rfe1 Rc8 15.
Qd2 Nh7 16. Nxd7 Qxd7 17. Ne5 Qd8 18. Bxh6 Nxe5 19. dxe5 Ng5 20. Bxg5 Bxg5 21.
f4 Be7 22. Re3 Bc5 23. Kh1 Bxe3 24. Qxe3 g6 25. Qg3 Kg7 26. Rf1 Rh8 27. h3 Rh5
28. Be2 Rh6 29. Bg4 Qh4 30. Qf3 Rc4 31. b3 Rc6 32. Kg1 Qd8 33. Rc1 b5 34. Qd3
Qb6+ 35. Kf1 Qc7 36. Bf3 Rh4 37. Qd4 Rh8 38. Ke2 Rc8 39. Kd2 Qb6 40. Qxb6 Rxb6
41. a3 Rbc6 42. b4 Rc4 43. g3 d4 44. Bb7 R8c7 45. Bxa6 Rxc3 46. Rxc3 Rxc3 47.
Bxb5 Rxa3 48. Bd3 Ra2+ 49. Kd1 Kf8 50. b5 Ke7 51. Be4 Ra3 52. b6 Kd7 53. b7 Rb3
54. Kc2 Rc3+ 55. Kd2 Kc7 56. Bd3 Kxb7 57. Bb5 Kb6 58. Be8 Rc7 59. Kd3 Re7 60.
Ba4 Kc5 61. Bd1 Ra7 0-1

[Event "Lichtenberger Sommer 2024"]
[Site "Berlin"]
[Date "2024.08.14"]
[Round "5.77"]
[White "Bashirova, Sona"]
[Black "Lippianowski, Stefan"]
[Result "1-0"]
[WhiteElo "1652"]
[BlackElo "1427"]
[PlyCount "60"]
[EventDate "2024.08.10"]
[WhiteTeam "SV Empor Berlin e.V."]
[BlackTeam "SV Mattnetz Berlin e.V."]

1. e4 e5 2. Nc3 Nc6 3. Bc4 Bc5 4. Qg4 g6 5. Qf3 Nf6 6. Nge2 d6 7. h3 Qe7 8. d3
Be6 9. Bg5 Rf8 10. Bxf6 Qd7 11. Nd5 Nb4 12. Bb3 c6 13. Nxb4 Bxb4+ 14. c3 Ba5
15. Bg7 Rg8 16. Bxe6 Qxe6 17. Bf6 Bd8 18. Bxd8 Kxd8 19. O-O g5 20. Qg4 f6 21.
Qxe6 Re8 22. Qxd6+ Kc8 23. Qxf6 Kc7 24. Rfd1 Rf8 25. Qxe5+ Kb6 26. d4 Rf7 27.
d5 Raf8 28. f3 h6 29. dxc6 bxc6 30. Rd6 Rf6 1-0

[Event "Lichtenberger Sommer 2024"]
[Site "Berlin"]
[Date "2024.08.14"]
[Round "5.78"]
[White "Stein, Siegfried"]
[Black "Siebert, Marco Leander"]
[Result "1/2-1/2"]
[WhiteElo "1783"]
[BlackElo "1683"]
[PlyCount "118"]
[EventDate "2024.08.10"]
[WhiteTeam "SV Berolina Mitte e.V."]
[BlackTeam "SC Tempo Göttingen"]

1. e4 c5 2. Nf3 d6 3. c3 Nf6 4. Be2 g6 5. d3 Bg7 6. h3 O-O 7. Be3 Qc7 8. a4 e5
9. O-O d5 10. Qc2 dxe4 11. dxe4 b6 12. Nfd2 Bb7 13. f3 Nc6 14. Nc4 Rad8 15.
Nba3 Nh5 16. Nb5 Qb8 17. Rfd1 Nf4 18. Bf1 Ne7 19. a5 a6 20. Nbd6 b5 21. Nxb7
Qxb7 22. Nb6 Qc7 23. Qf2 c4 24. Bc5 Rfe8 25. g3 Ne6 26. Bxe7 Qxe7 27. Nd5 Qc5
28. Rd2 Qxf2+ 29. Rxf2 Rd6 30. Kg2 Red8 31. Be2 Nc5 32. Bf1 f6 33. Rc2 Kf7 34.
Kf2 Nb3 35. Ra3 Bf8 36. Ra2 Ke6 37. f4 exf4 38. gxf4 f5 39. Ne3 fxe4 40. Nxc4
bxc4 41. Bxc4+ Kf5 42. Bxb3 Kxf4 43. Bc4 e3+ 44. Ke2 Rd2+ 45. Rxd2 Rxd2+ 46.
Ke1 Be7 47. b4 Bh4+ 48. Kf1 Rxa2 49. Bxa2 Bf6 50. b5 Bxc3 51. bxa6 Bd4 52. Bd5
Kg3 53. Be6 h5 54. Ke2 g5 55. Bd7 g4 56. hxg4 hxg4 57. Kf1 Kf4 58. Ke2 g3 59.
Bc6 Ke5 1/2-1/2

[Event "Lichtenberger Sommer 2024"]
[Site "Berlin"]
[Date "2024.08.14"]
[Round "5.79"]
[White "Wahner, Eberhard"]
[Black "Oortmann, Alexis Miles"]
[Result "0-1"]
[WhiteElo "1775"]
[BlackElo "1676"]
[PlyCount "60"]
[EventDate "2024.08.10"]
[WhiteTeam "SC Eintracht Berlin e.V."]
[BlackTeam "SSV Rotation Berlin e.V."]

1. c4 c5 2. g3 g6 3. Bg2 Bg7 4. Nc3 Nc6 5. Nf3 e6 6. e4 Nge7 7. O-O d5 8. cxd5
exd5 9. exd5 Nxd5 10. Nxd5 Qxd5 11. Re1+ Be6 12. a3 O-O 13. Rb1 Qa2 14. Qc2 Bb3
15. Ra1 Qxa1 16. Qxb3 Rfe8 17. Rxe8+ Rxe8 18. Qc2 Nd4 19. Nxd4 Re1+ 20. Bf1
Rxc1 21. Qd3 Rxf1+ 22. Qxf1 Qxf1+ 23. Kxf1 Bxd4 24. b3 b5 25. Ke2 Kg7 26. f3
Kf6 27. Kd3 Ke5 28. h3 h5 29. Kc2 Bf2 30. g4 Kf4 0-1

[Event "Lichtenberger Sommer 2024"]
[Site "Berlin"]
[Date "2024.08.14"]
[Round "5.80"]
[White "Luetzenberg, Fabian"]
[Black "Vaz da Cruz, Vinicius"]
[Result "1-0"]
[WhiteElo "1680"]
[BlackElo "1768"]
[PlyCount "110"]
[EventDate "2024.08.10"]
[WhiteTeam "vereinslos"]
[BlackTeam "SSV Rotation Berlin e.V."]

1. d4 d5 2. c4 c6 3. Nc3 Nf6 4. Nf3 dxc4 5. e3 b5 6. a4 Qb6 7. axb5 cxb5 8. b3
Bf5 9. bxc4 b4 10. c5 Qb7 11. Nb1 g6 12. Qa4+ Bd7 13. Qb3 Bc6 14. Ne5 Bd5 15.
Bc4 Bxc4 16. Qxc4 e6 17. O-O Be7 18. Nd2 O-O 19. Ra4 a5 20. Nb3 Bd8 21. Bd2 Nc6
22. Nxc6 Qxc6 23. Rfa1 Qd5 24. Qxd5 Nxd5 25. Nxa5 Bxa5 26. Rxa5 Rxa5 27. Rxa5
Rb8 28. Ra1 b3 29. Rb1 f5 30. c6 Rb6 31. c7 Nxc7 32. Ba5 Rc6 33. Bxc7 Rxc7 34.
Kf1 Rb7 35. Ke2 Kf7 36. Kd3 Kf6 37. Kc3 b2 38. Rxb2 Rxb2 39. Kxb2 Ke7 40. Kc3
Kd6 41. Kc4 g5 42. h3 h5 43. f3 g4 44. fxg4 fxg4 45. e4 gxh3 46. gxh3 h4 47.
Kd3 Ke7 48. Ke3 Kf6 49. Kf4 e5+ 50. dxe5+ Ke6 51. Kg4 Kxe5 52. Kxh4 Kxe4 53.
Kg5 Ke5 54. Kg6 Kf4 55. h4 Kg4 1-0

[Event "Lichtenberger Sommer 2024"]
[Site "Berlin"]
[Date "2024.08.14"]
[Round "5.81"]
[White "Pöltelt, Helmut"]
[Black "Majewski, Nico"]
[Result "1-0"]
[WhiteElo "1764"]
[BlackElo "1623"]
[PlyCount "75"]
[EventDate "2024.08.10"]
[WhiteTeam "SC Eintracht Berlin e.V."]
[BlackTeam "ESV Lok Falkenberg e.V."]

1. e4 c5 2. c4 g6 3. Nc3 Bg7 4. Nge2 Nc6 5. g3 d6 6. Bg2 Nf6 7. d3 O-O 8. O-O
Ne8 9. Be3 Nd4 10. Rb1 a5 11. a4 Nc7 12. h3 Na6 13. f4 Rb8 14. Nb5 Nxb5 15.
axb5 Nc7 16. b3 Ne6 17. d4 cxd4 18. Nxd4 Qc7 19. Nf3 Nc5 20. Nd4 e5 21. Nc2 b6
22. Qe2 Bb7 23. Bd2 Rbc8 24. f5 Qe7 25. Ne1 Rcd8 26. Nd3 Rd7 27. Nf2 h5 28. h4
Kh7 29. Bh3 Ba8 30. fxg6+ fxg6 31. Bxd7 Qxd7 32. Kh2 Qb7 33. Rfe1 Rf5 34. b4
axb4 35. Bxb4 g5 36. Qxh5+ Bh6 37. Bxc5 dxc5 38. Ng4 1-0

[Event "Lichtenberger Sommer 2024"]
[Site "Berlin"]
[Date "2024.08.14"]
[Round "5.82"]
[White "Zussner, Tim"]
[Black "Grassnickel, Lutz"]
[Result "1/2-1/2"]
[WhiteElo "1679"]
[BlackElo "1757"]
[PlyCount "44"]
[EventDate "2024.08.10"]
[WhiteTeam "SV Empor Berlin e.V."]
[BlackTeam "Schach Nienberge 2003 e. V."]

1. d4 Nf6 2. c4 e6 3. Nc3 Bb4 4. Nf3 O-O 5. e3 d5 6. Bd3 dxc4 7. Bxc4 c5 8. O-O
Nc6 9. dxc5 Bxc3 10. bxc3 Qa5 11. Bb2 Qxc5 12. Bd3 Na5 13. Qe2 e5 14. e4 Be6
15. c4 Nd7 16. Rac1 f6 17. Rc3 Qc7 18. Ba3 Nc5 19. Bxc5 Qxc5 20. Rb1 a6 21. Qc2
Rfd8 22. Nd2 b6 1/2-1/2

[Event "Lichtenberger Sommer 2024"]
[Site "Berlin"]
[Date "2024.08.14"]
[Round "5.83"]
[White "Pruner, Ulf"]
[Black "Mannaberg, Steffen"]
[Result "1-0"]
[WhiteElo "1676"]
[BlackElo "1756"]
[PlyCount "75"]
[EventDate "2024.08.10"]
[WhiteTeam "SF Berlin 1903 e.V."]
[BlackTeam "vereinslos"]

1. b4 d6 2. Bb2 e5 3. e3 Be6 4. Be2 Nf6 5. Nf3 h6 6. d3 c6 7. O-O a5 8. a3 axb4
9. axb4 Rxa1 10. Bxa1 Na6 11. c3 Be7 12. d4 e4 13. Nfd2 O-O 14. Qa4 Nc7 15. Qc2
Qa8 16. Bb2 Qa2 17. Na3 b5 18. f3 exf3 19. Bxf3 Bd7 20. c4 Ra8 21. Ra1 Qxa1+
22. Bxa1 Rxa3 23. Qb2 Rxe3 24. Kf2 Re6 25. d5 cxd5 26. cxd5 Re5 27. Qa2 Rf5 28.
Kg1 Ncxd5 29. Qa8+ Bf8 30. Ne4 Nc7 31. Nxf6+ gxf6 32. Qd8 Be6 33. Qxc7 d5 34.
Qd8 Kg7 35. Bg4 Rf4 36. Bxe6 Bxb4 37. Qc7 Re4 38. Qxf7+ 1-0

[Event "Lichtenberger Sommer 2024"]
[Site "Berlin"]
[Date "2024.08.14"]
[Round "5.84"]
[White "Krawatzki, Armin"]
[Black "Ahmadov, Ahmad"]
[Result "1/2-1/2"]
[WhiteElo "1754"]
[BlackElo "1620"]
[PlyCount "71"]
[EventDate "2024.08.10"]
[WhiteTeam "SVG Läufer Reinickendorf e.V."]
[BlackTeam "SV Empor Berlin e.V."]

1. d4 d5 2. Nc3 e6 3. Bf4 Nf6 4. e3 Bb4 5. Bd3 c5 6. dxc5 Bxc5 7. a3 a5 8. Nf3
Nc6 9. O-O O-O 10. Ne5 Nxe5 11. Bxe5 Bd6 12. Bxd6 Qxd6 13. e4 d4 14. Ne2 Ng4
15. Ng3 e5 16. h3 Nh6 17. Qd2 f5 18. exf5 Nxf5 19. Nxf5 Bxf5 20. Bxf5 Rxf5 21.
Qd3 Raf8 22. Qe4 Qf6 23. f3 Qb6 24. Kh1 Qxb2 25. Rab1 Qxa3 26. Rxb7 Qc5 27. Re1
g6 28. Re2 Re8 29. Qh4 h5 30. Qe4 Qd6 31. Ra7 Qb6 32. Qd5+ Qe6 33. Qb7 Rf7 34.
Qa6 Rxa7 35. Qxa7 Qc4 36. Rf2 1/2-1/2

[Event "Lichtenberger Sommer 2024"]
[Site "Berlin"]
[Date "2024.08.14"]
[Round "5.85"]
[White "Zesewitz, Uwe"]
[Black "Ruddat, Mathias"]
[Result "0-1"]
[WhiteElo "1629"]
[BlackElo "1744"]
[PlyCount "70"]
[EventDate "2024.08.10"]
[WhiteTeam "SV SF Friedrichshagen"]
[BlackTeam "TSG Oberschöneweide e.V."]

1. f4 d5 2. Nf3 Nf6 3. e3 c5 4. Bb5+ Bd7 5. Bxd7+ Nbxd7 6. d3 e6 7. O-O Be7 8.
Qe1 O-O 9. Nbd2 Rc8 10. b3 Nb6 11. Bb2 c4 12. bxc4 dxc4 13. Ne4 Nbd5 14. Ne5
cxd3 15. cxd3 Rc2 16. Bd4 Nxe4 17. dxe4 Nf6 18. Qd1 Qc7 19. Rc1 Rc8 20. Rxc2
Qxc2 21. Qxc2 Rxc2 22. Bxa7 Rxa2 23. Bd4 Nxe4 24. Nf3 Bf6 25. Ra1 Rxa1+ 26.
Bxa1 Bxa1 27. g4 b5 28. Kf1 b4 29. Ne1 b3 30. Nd3 b2 31. Nxb2 Bxb2 32. Ke2 f5
33. g5 Kf7 34. Kd3 Ke7 35. Kc2 Ba3 0-1

[Event "Lichtenberger Sommer 2024"]
[Site "Berlin"]
[Date "2024.08.14"]
[Round "5.86"]
[White "Goldmann, Nils"]
[Black "Bunkens, Rudi"]
[Result "1/2-1/2"]
[WhiteElo "1611"]
[BlackElo "1739"]
[PlyCount "64"]
[EventDate "2024.08.10"]
[WhiteTeam "vereinslos"]
[BlackTeam "Koninklijke Gentse SK"]

1. e4 c5 2. Nf3 d6 3. d4 cxd4 4. Nxd4 Nf6 5. Nc3 a6 6. Be3 e5 7. Nb3 Be7 8. Be2
Be6 9. Qd2 d5 10. exd5 Nxd5 11. Nxd5 Qxd5 12. O-O-O Qxd2+ 13. Rxd2 Nc6 14. Kb1
O-O 15. Nc5 Bxc5 16. Bxc5 Rfd8 17. Rhd1 Rxd2 18. Rxd2 Rd8 19. Rxd8+ Nxd8 20. a4
Bd5 21. g3 Ne6 22. Bd6 f6 23. b4 Nd4 24. Bd1 Kf7 25. c3 Nf3 26. Bxf3 Bxf3 27.
Kc2 Ke6 28. Bc5 g5 29. Kd3 g4 30. a5 f5 31. Be3 Kd5 32. Bh6 Be4+ 1/2-1/2

[Event "Lichtenberger Sommer 2024"]
[Site "Berlin"]
[Date "2024.08.14"]
[Round "5.87"]
[White "Liu, Peilin"]
[Black "Kandeler, Christian"]
[Result "0-1"]
[WhiteElo "1608"]
[BlackElo "1869"]
[PlyCount "45"]
[EventDate "2024.08.10"]
[WhiteTeam "SVG Saarbrücken 1970 e.V."]
[BlackTeam "TSG Oberschöneweide e.V."]

1. d4 Nf6 2. Bf4 g6 3. c4 Bg7 4. Nc3 d5 5. e3 O-O 6. Nf3 c5 7. dxc5 Qa5 8. Qb3
Ne4 9. Rc1 Nxc3 10. bxc3 dxc4 11. Bxc4 Nc6 12. O-O Qxc5 13. Ng5 Qf5 14. e4 Qxf4
15. Nxf7 Rxf7 16. Bxf7+ Qxf7 17. Qxf7+ Kxf7 18. f3 Be6 19. a3 Rd8 20. Rb1 Na5
21. Rfc1 b6 22. Rd1 Rxd1+ 23. Rxd1 0-1

[Event "Lichtenberger Sommer 2024"]
[Site "Berlin"]
[Date "2024.08.14"]
[Round "5.88"]
[White "Geiß, Anne"]
[Black "Lippert, Marc"]
[Result "1/2-1/2"]
[WhiteElo "1669"]
[BlackElo "1450"]
[PlyCount "153"]
[EventDate "2024.08.10"]
[WhiteTeam "SC Kreuzberg e.V."]
[BlackTeam "SVG Läufer Reinickendorf e.V."]

1. e4 c5 2. Nf3 d6 3. d4 cxd4 4. Qxd4 Nc6 5. Bb5 Bd7 6. Bxc6 Bxc6 7. Nc3 Nf6 8.
Bg5 e5 9. Qd3 Be7 10. O-O-O O-O 11. Bxf6 Bxf6 12. h4 Qb6 13. Qd2 Rfd8 14. g4 g6
15. Kb1 Rd7 16. h5 Rad8 17. g5 Be7 18. hxg6 fxg6 19. Nd5 Qc5 20. Nh4 Rf8 21.
Nxe7+ Rxe7 22. f3 Rd7 23. Qh2 Ba4 24. Rd5 Bxc2+ 25. Qxc2 Qe3 26. Qd2 Qb6 27.
Rd3 Kf7 28. f4 exf4 29. Qxf4+ Ke8 30. Qe3 Qc6 31. Rc1 Qa6 32. Ra3 Qb6 33. Qxb6
axb6 34. Rc8+ Ke7 35. Rxf8 Kxf8 36. Rb3 Ke7 37. Rb5 Ke6 38. a4 d5 39. Rxb6+ Ke5
40. exd5 Kxd5 41. b4 Kc4 42. Kb2 Rd2+ 43. Kc1 Rd7 44. Nf3 Kc3 45. a5 Rf7 46.
Rf6 Rc7 47. b5 Kb4+ 48. Kd2 Kxb5 49. Rb6+ Kxa5 50. Rb1 b5 51. Rc1 Rd7+ 52. Kc2
Rc7+ 53. Kb2 Re7 54. Nd2 Kb4 55. Rc3 Re2 56. Rc2 Rg2 57. Nf3 Rg4 58. Rc3 Rg2+
59. Rc2 Rxc2+ 60. Kxc2 Kc4 61. Nd2+ Kd4 62. Kb3 Ke5 63. Kb4 Kf4 64. Kxb5 Kxg5
65. Kc4 Kf4 66. Kd3 g5 67. Ke2 h5 68. Kf2 g4 69. Nf1 h4 70. Kg2 h3+ 71. Kh2 Kf3
72. Ng3 Kf2 73. Nh1+ Ke3 74. Ng3 Kf2 75. Nh1+ Kf1 76. Ng3+ Ke1 77. Nh1 1/2-1/2

[Event "Lichtenberger Sommer 2024"]
[Site "Berlin"]
[Date "2024.08.14"]
[Round "5.89"]
[White "Küster, Finn"]
[Black "Bastian, Reinhard"]
[Result "0-1"]
[WhiteElo "1679"]
[BlackElo "1803"]
[PlyCount "47"]
[EventDate "2024.08.10"]
[WhiteTeam "Spandauer SV e.V."]
[BlackTeam "vereinslos"]

1. d4 e6 2. Nf3 f5 3. c4 Nf6 4. Bg5 Be7 5. g3 O-O 6. Bg2 d5 7. O-O c6 8. Nbd2
Ne4 9. Bxe7 Qxe7 10. Ne5 Nd7 11. Ndf3 g5 12. Nxd7 Bxd7 13. Ne5 Be8 14. c5 Bh5
15. a4 Qg7 16. f3 Nxc5 17. b4 Nd7 18. Nxd7 Qxd7 19. Qd2 f4 20. Bh3 Qd6 21. e4
dxe4 22. fxe4 e5 23. g4 Bg6 24. Rf3 0-1

[Event "Lichtenberger Sommer 2024"]
[Site "Berlin"]
[Date "2024.08.14"]
[Round "5.90"]
[White "Koerber, Bernhard"]
[Black "Dittrich, Hans-Jürgen"]
[Result "1/2-1/2"]
[WhiteElo "1662"]
[BlackElo "1573"]
[PlyCount "56"]
[EventDate "2024.08.10"]
[WhiteTeam "SG Lasker Steglitz"]
[BlackTeam "SC Eintracht Berlin e.V."]

1. e4 g6 2. d4 Bg7 3. c4 d6 4. f4 e6 5. Nf3 Ne7 6. Nc3 O-O 7. Be3 f5 8. e5 dxe5
9. dxe5 Nbc6 10. a3 b6 11. Be2 Qxd1+ 12. Rxd1 Rd8 13. O-O Bb7 14. Ng5 Rxd1 15.
Rxd1 Nd8 16. Nb5 h6 17. Nxc7 hxg5 18. Nxa8 Bxa8 19. Rd7 Nec6 20. Bf3 gxf4 21.
Bxf4 Kh7 22. Bg5 Nxe5 23. Rxd8 Bxf3 24. Re8 Nf7 25. Be3 Be2 26. Re7 Kg8 27.
Re8+ Kh7 28. Re7 Kg8 1/2-1/2